| 000 | 00720nam a2200229Ia 4500 | ||
|---|---|---|---|
| 003 | OSt | ||
| 005 | 20240909145251.0 | ||
| 008 | 210331s9999||||xx |||||||||||||| ||und|| | ||
| 020 | _a9789386465566 | ||
| 040 | _cSTCPL | ||
| 041 | _aMAL | ||
| 041 | _hMAL | ||
| 082 |
_aM07 _bBIJ-S |
||
| 100 |
_aBiju, M.S _qഎം.എസ്.ബിജു |
||
| 245 | 0 |
_aSthree : _hസ്ത്രീ പ്രതിഫലനം അതിജീവനം മലയാള സിനിമയില് _bprathibhalanam athijeevanam malayala cinemayil / _cby M.S.Biju |
|
| 260 |
_aKozhikode : _bPoorna Publications , _c2018 . |
||
| 300 |
_a95 p. _bPB |
||
| 650 | _aMalayalam literature | ||
| 650 | _aStudy | ||
| 942 | _cBK | ||
| 942 | _2ddc | ||
| 999 |
_c73393 _d73393 |
||